Prophecy and apocalyptic : (Record no. 43524)
[ view plain ]
| 000 -LEADER | |
|---|---|
| fixed length control field | 01088cam a2200325 a 4500 |
| 001 - CONTROL NUMBER | |
| control field | 14901506 |
| 005 - DATE AND TIME OF LATEST TRANSACTION | |
| control field | 20180921155901.0 |
| 008 - FIXED-LENGTH DATA ELEMENTS--GENERAL INFORMATION | |
| fixed length control field | 070625s2007 miu b 001 0 eng |
| 010 ## - LIBRARY OF CONGRESS CONTROL NUMBER | |
| LC control number | 2007026358 |
| 020 ## - INTERNATIONAL STANDARD BOOK NUMBER | |
| International Standard Book Number | 9780801026010 |
| 020 ## - INTERNATIONAL STANDARD BOOK NUMBER | |
| International Standard Book Number | 0801026016 |
| 035 ## - SYSTEM CONTROL NUMBER | |
| System control number | (OCoLC)ocn148727477 |
| 035 ## - SYSTEM CONTROL NUMBER | |
| System control number | (OCoLC)148727477 |
| 040 ## - CATALOGING SOURCE | |
| Original cataloging agency | DLC |
| Transcribing agency | DLC |
| Modifying agency | DLC |
| 100 1# - MAIN ENTRY--PERSONAL NAME | |
| Personal name | Sandy, D. Brent, |
| Dates associated with a name | 1947- |
| 245 10 - TITLE STATEMENT | |
| Title | Prophecy and apocalyptic : |
| Remainder of title | an annotated bibliography / |
| Statement of responsibility, etc | D. Brent Sandy and Daniel M. O'Hare. |
| 260 ## - PUBLICATION, DISTRIBUTION, ETC. (IMPRINT) | |
| Place of publication, distribution, etc | Grand Rapids, Mich. : |
| Name of publisher, distributor, etc | Baker Academic, |
| Date of publication, distribution, etc | c2007. |
| 300 ## - PHYSICAL DESCRIPTION | |
| Extent | 240 p. ; |
| Dimensions | 22 cm. |
| 336 ## - CONTENT TYPE | |
| Content Type Term | text |
| 337 ## - MEDIA TYPE | |
| Media Type Term | unmediated |
| 338 ## - CARRIER TYPE | |
| Carrier Type Term | volume |
| 440 #0 - SERIES STATEMENT/ADDED ENTRY--TITLE | |
| Title | IBR bibliographies ; |
| Volume number/sequential designation | no. 4 |
| 500 ## - GENERAL NOTE | |
| General note | Includes index. |
| 630 00 - SUBJECT ADDED ENTRY--UNIFORM TITLE | |
| Uniform title | Bible. |
| Name of part/section of a work | Prophets |
| General subdivision | Criticism, interpretation, etc. |
| Form subdivision | Bibliography. |
| 650 #0 - SUBJECT ADDED ENTRY--TOPICAL TERM | |
| Topical term or geographic name as entry element | Prophecy |
| General subdivision | Christianity |
| Form subdivision | Bibliography. |
| 650 #0 - SUBJECT ADDED ENTRY--TOPICAL TERM | |
| Topical term or geographic name as entry element | Apocalyptic literature |
| Form subdivision | Bibliography. |
| 700 1# - ADDED ENTRY--PERSONAL NAME | |
| Personal name | O'Hare, Daniel M., |
| Dates associated with a name | 1977- |
| 856 41 - ELECTRONIC LOCATION AND ACCESS | |
| Materials specified | Table of contents only |
| Uniform Resource Identifier | <a href="http://www.loc.gov/catdir/toc/ecip0721/2007026358.html">http://www.loc.gov/catdir/toc/ecip0721/2007026358.html</a> |
| 942 ## - ADDED ENTRY ELEMENTS (KOHA) | |
| Source of classification or shelving scheme | Library of Congress Classification |
| Item type | Books |
| Withdrawn status | Lost status | Source of classification or shelving scheme | Damaged status | Not for loan | Home library | Current library | Shelving location | Date acquired | Source of acquisition | Inventory number | Total Checkouts | Full call number | Barcode | Date last seen | Price effective from | Koha item type |
|---|---|---|---|---|---|---|---|---|---|---|---|---|---|---|---|---|
| Library of Congress Classification | BSOP Library | BSOP Library | GC | 09/21/2018 | Theological Book Network | 43070 | BS1505.52 Sa5 2007 | 00054070 | 09/21/2018 | 09/21/2018 | Books |
